000 01959nam0a2200337 4500
001 RU\NLR\BIBL_A\022305266
005 20260420013649.0
010 _a978-5-6052037-1-1
_950
021 _aRU
_bКН-П-24-039307
_9КН-П-24-3909
035 _a(NLR Aleph) 022305266
090 _a13663427
_c13663427
100 _a20240822d2024 u y0rusy50 ca
101 0 _arus
102 _aRU
105 _aa j 000yy
181 0 _ai3
_baxxe
182 0 _an
200 1 _aМенеджмент
_eучебное пособие
_eпо направлению 38.03.02 "Менеджмент"
_fМ. М. Киреева, А. П. Вострова
_gМинистерство науки и высшего образования Российского образования, Федеральное государственное бюджетное образовательное учреждение высшего образования Российский экономический университет имени Г. В. Плеханова, Ивановский филиал
203 _aТекст
_bвизуальный
_cнепосредственный
210 _aИваново
_c[б. и.]
_d2024
_gотпечатано в АО "Информатика"
215 _a235 с.
_cил., табл.
_d21
300 _aНа обороте тит. с. авт.: Киреева М. М., Вострова А. П., кандидаты экон. наук, доценты
320 _aБиблиогр.: с. 222–227 (42 назв.)
606 1 _aМенеджмент
_jУчебные издания для высших учебных заведений
_91566100
_3RU\NLR\AUTH\66685658
686 1 _aУ21(0)я73
700 1 _aКиреева
_bМ. М.
_gМарина Михайловна
701 1 _aВострова
_bА. П.
_gАнна Петровна
942 _cBOOK
980 _aNB